| 000 | 00614nam a22001933a 4500 | ||
|---|---|---|---|
| 005 | 20240228063626.0 | ||
| 008 | 010531s1998 mx r 000 0 spa d | ||
| 020 | _a9681646940 | ||
| 035 | _aUPN01000116883 | ||
| 049 | _aI | ||
| 050 | 4 |
_aPQ6653 A5.5 _bC6.5 |
|
| 100 | 1 |
_aCañizo Perate, José Antonio del, _d1938- _937182 |
|
| 245 | 1 | 3 |
_aEl comprador de vidas / _cJosé del Cañizo Perate ; il. Rapi Diego. |
| 260 |
_aMéxico : _bFCE, _c1998. |
||
| 300 |
_a88 p. : _bil. |
||
| 440 | 0 |
_aA la orilla del viento. _pPara los grandes lectores ; _v68 |
|
| 650 | 4 |
_aLiteratura infantil española _95892 |
|
| 905 | _aInfantil | ||
| 999 |
_c89525 _d89525 |
||